000 00502nam#a2200193#c#4500
003 IEF
005 20180219170921.0
008 941205s1976 uuu####fr####|10||u| |u
040 _aIEF
100 1 _aKaish, Stanley
_923285
245 _aMicroeconomics : logic, tools and analysis
260 _aNew York
_b Harper & Row
_c1976
300 _a427 p.
_c 23 cm.
650 4 _aMICROECONOMIA
_947747
650 4 _aTRATADOS, MANUALES, ETC
_948609
942 _cLIB
942 _z24392
999 _c109670
_d109670